000 00343nam a2200133 i 4500
001 bg
100 1 _aLUBELSKI, K.
245 0 _aTablice pomocnicze do ćwiczeń z elektrotechniki teoretycznej /
_cK. Lubelski.
260 _aCzęstochowa,
_c1983.
040 _cBPK
041 _apol
942 _cKS
008 s pl f |000 0 pol
999 _c21857
_d21857
856 _uhttp://koha.tu.koszalin.pl/cgi-bin/koha/opac-detail.pl?biblionumber=21857
_yKatalog online BPK